<?xml version="1.0" encoding="UTF-8"?>
<marc:record xmlns:marc="http://www.loc.gov/MARC21/slim">
   <marc:leader>00000nam a2200000 a 4500</marc:leader>
   <marc:datafield ind1="1" ind2=" " tag="100">
      <marc:subfield code="a">Osborne Mary Pope</marc:subfield>
      <marc:subfield code="4">aut</marc:subfield>
      <marc:subfield code="e">Verfasser/-in</marc:subfield>
   </marc:datafield>
   <marc:datafield ind1="0" ind2="0" tag="245">
      <marc:subfield code="a">Die geheime Macht der Zauberflöte</marc:subfield>
   </marc:datafield>
   <marc:datafield ind1="0" ind2="0" tag="245">
      <marc:subfield code="b">39</marc:subfield>
   </marc:datafield>
   <marc:datafield ind1=" " ind2="1" tag="264">
      <marc:subfield code="b">Loewe</marc:subfield>
      <marc:subfield code="c">2010</marc:subfield>
   </marc:datafield>
   <marc:datafield ind1="1" ind2=" " tag="490">
      <marc:subfield code="a">Das magische Baumhaus</marc:subfield>
   </marc:datafield>
   <marc:datafield ind1="1" ind2=" " tag="520">
      <marc:subfield code="a">Philipp und Anne sind zu einem Fest auf dem königlichen Sommerschloss zu Wien im Jahre 1762 eingeladen. Dort lernen sie Nannerl und ihren fünfjährigen Bruder, den quirligen 'Wolferl', kennen. Als im Schlossgarten die wilden Tiere aus ihren Käfigen ausbrechen, können Anne und Philipp sie mit einer Zauberflöte und einem Lied besänftigen. Die Geschwister trauen kaum ihren Ohren, als sie wenig später hören, wie das Wunderkind Wolferl genau diese zauberhafte Melodie auf dem Klavier spielt. Das magische Baumhaus schleudert Philipp und Anne in längst vergangene Zeiten und an weit entfernte Orte. Jedes Mal, wenn die Geschwister auf den geheimnisvollen Hochsitz klettern und eines der alten Bücher aufschlagen, beginnt eine neue Reise. Unterhaltsam und verständlich vermittelt die Reihe in spannenden Geschichten Wissenswertes, das Kinder ab fünf Jahren interessiert. </marc:subfield>
   </marc:datafield>
   <marc:datafield ind1=" " ind2=" " tag="020">
      <marc:subfield code="a">9783785568750</marc:subfield>
      <marc:subfield code="9">9783785568750</marc:subfield>
   </marc:datafield>
</marc:record>
